[Event "DEM U10 2019"]
[Site "Willingen GER"]
[Date "2019.06.12"]
[Round "6"]
[White "Arora, Abhiraaj"]
[Black "Fietz, Nils"]
[Result "1-0"]
[Termination "normal"]
[Board "5"]
[WhiteElo "1454"]
[BlackElo "1677"]
[WhiteClock "00:12:26"]
[BlackClock "00:33:13"]
[PlyCount "119"]
[WhiteFideId "25611054"]
[BlackFideId "16263880"]
[EventCountry "GER"]
[EventRounds "11"]
[EventType "swiss"]
[EventDate "2019.06.08"]

1. e4 {[%clk 1:15:58]} 1... e5 {[%clk 1:15:50]} 2. Nf3 {[%clk 1:16:24]} 2...
Nf6 {[%clk 1:16:03]} 3. Nxe5 {[%clk 1:16:35]} 3... d6 {[%clk 1:16:20]} 4. Nf3 {
[%clk 1:17:00]} 4... Nxe4 {[%clk 1:16:47]} 5. Nc3 {[%clk 1:17:16]} 5... Nxc3 {
[%clk 1:17:05]} 6. dxc3 {[%clk 1:17:39]} 6... Be7 {[%clk 1:17:25]} 7. Be3 {
[%clk 1:17:58]} 7... O-O {[%clk 1:17:38]} 8. Qd2 {[%clk 1:17:49]} 8... Nc6 {
[%clk 1:17:33]} 9. h4 {[%clk 1:15:44]} 9... Ne5 {[%clk 1:15:11]} 10. h5 { [%clk
1:10:45]} 10... Bg4 {[%clk 1:13:28]} 11. Ng5 {[%clk 1:09:17]} 11... h6 { [%clk
1:11:22]} 12. Ne4 {[%clk 1:02:50]} 12... d5 {[%clk 0:58:41]} 13. Ng3 { [%clk
1:01:04]} 13... Nc4 {[%clk 0:57:29]} 14. Qc1 {[%clk 0:57:40]} 14... Nxe3 {[%clk
0:56:57]} 15. Qxe3 {[%clk 0:54:37]} 15... Re8 {[%clk 0:57:01]} 16. Qd3 { [%clk
0:49:50]} 16... Bh4+ {[%clk 0:52:49]} 17. Ne2 {[%clk 0:47:23]} 17... Bxh5
{[%clk 0:51:22]} 18. g3 {[%clk 0:43:50]} 18... Bxe2 {[%clk 0:51:30]} 19. Bxe2 {
[%clk 0:44:12]} 19... Bf6 {[%clk 0:51:27]} 20. O-O-O {[%clk 0:44:09]} 20... c6
{[%clk 0:51:03]} 21. f4 {[%clk 0:41:47]} 21... Qb6 {[%clk 0:50:57]} 22. Rd2 {
[%clk 0:31:58]} 22... Re3 {[%clk 0:50:19]} 23. Qf5 {[%clk 0:31:19]} 23... Rxg3
{[%clk 0:50:17]} 24. Bd3 {[%clk 0:29:54]} 24... g6 {[%clk 0:49:05]} 25. Qxf6 {
[%clk 0:27:16]} 25... Re8 {[%clk 0:49:07]} 26. Qh4 {[%clk 0:24:09]} 26... Rg1+
{[%clk 0:48:33]} 27. Rd1 {[%clk 0:23:33]} 27... Qe3+ {[%clk 0:48:01]} 28. Kb1 {
[%clk 0:23:52]} 28... Rxd1+ {[%clk 0:46:43]} 29. Rxd1 {[%clk 0:24:10]} 29... h5
{[%clk 0:46:42]} 30. b3 {[%clk 0:23:41]} 30... Qc5 {[%clk 0:45:39]} 31. f5 {
[%clk 0:21:36]} 31... Kg7 {[%clk 0:43:57]} 32. Kb2 {[%clk 0:19:05]} 32... Qe7 {
[%clk 0:42:24]} 33. Qg3 {[%clk 0:17:18]} 33... Qe3 {[%clk 0:42:08]} 34. Qg2 {
[%clk 0:14:03]} 34... Qh6 {[%clk 0:40:31]} 35. Rg1 {[%clk 0:13:14]} 35... Rg8 {
[%clk 0:36:31]} 36. Qg3 {[%clk 0:11:02]} 36... Kh7 {[%clk 0:31:50]} 37. Qc7 {
[%clk 0:09:30]} 37... Qg7 {[%clk 0:31:42]} 38. fxg6+ {[%clk 0:09:05]} 38...
fxg6 {[%clk 0:31:40]} 39. Rxg6 {[%clk 0:08:42]} 39... Qxc7 {[%clk 0:31:25]} 40.
Rxc6+ {[%clk 0:09:05]} 40... Kh8 {[%clk 0:31:10]} 41. Rxc7 {[%clk 0:09:28]}
41... Rg7 {[%clk 0:31:25]} 42. Rc8+ {[%clk 0:09:10]} 42... Rg8 {[%clk 0:31:43]}
43. Bf5 {[%clk 0:09:10]} 43... b6 {[%clk 0:31:19]} 44. Ka3 {[%clk 0:09:00]}
44... Rxc8 {[%clk 0:30:19]} 45. Bxc8 {[%clk 0:09:23]} 45... Kg7 {[%clk 0:30:43]
} 46. Bb7 {[%clk 0:09:42]} 46... Kf6 {[%clk 0:31:07]} 47. Bxd5 {[%clk 0:10:04]}
47... Ke5 {[%clk 0:31:35]} 48. c4 {[%clk 0:10:22]} 48... Kd4 {[%clk 0:31:48]}
49. Kb4 {[%clk 0:10:07]} 49... h4 {[%clk 0:31:29]} 50. a3 {[%clk 0:09:31]}
50... h3 {[%clk 0:31:33]} 51. a4 {[%clk 0:09:28]} 51... h2 {[%clk 0:31:42]} 52.
a5 {[%clk 0:09:34]} 52... bxa5+ {[%clk 0:30:53]} 53. Kxa5 {[%clk 0:09:48]}
53... Kc3 {[%clk 0:31:05]} 54. Ka6 {[%clk 0:10:01]} 54... Kxc2 {[%clk 0:31:31]}
55. b4 {[%clk 0:10:24]} 55... Kc3 {[%clk 0:31:53]} 56. b5 {[%clk 0:10:48]}
56... Kb4 {[%clk 0:32:11]} 57. Kxa7 {[%clk 0:11:14]} 57... Kc5 {[%clk 0:32:35]}
58. b6 {[%clk 0:11:38]} 58... h1=Q {[%clk 0:32:54]} 59. Bxh1 {[%clk 0:12:01]}
59... Kxc4 {[%clk 0:33:13]} 60. b7 {[%clk 0:12:26]} 1-0

[Event "DEM U10 2019"]
[Site "Willingen GER"]
[Date "2019.06.12"]
[Round "6"]
[White "Ermitsch, Magnus"]
[Black "Scheerer, Julian"]
[Result "1-0"]
[Termination "normal"]
[Board "6"]
[WhiteElo "1843"]
[BlackElo "1395"]
[WhiteClock "00:03:12"]
[BlackClock "00:39:21"]
[PlyCount "125"]
[WhiteFideId "16234464"]
[BlackFideId "16265769"]
[EventCountry "GER"]
[EventRounds "11"]
[EventType "swiss"]
[EventDate "2019.06.08"]

1. e4 {[%clk 1:15:26]} 1... e5 {[%clk 1:15:39]} 2. Nf3 {[%clk 1:15:12]} 2...
Nc6 {[%clk 1:15:37]} 3. Bb5 {[%clk 1:14:46]} 3... a6 {[%clk 1:15:29]} 4. Ba4 {
[%clk 1:14:42]} 4... Nf6 {[%clk 1:15:30]} 5. d4 {[%clk 1:13:35]} 5... exd4 {
[%clk 1:12:17]} 6. O-O {[%clk 1:13:04]} 6... b5 {[%clk 1:11:11]} 7. Bb3 { [%clk
1:11:27]} 7... h6 {[%clk 1:08:36]} 8. e5 {[%clk 1:09:48]} 8... Nh7 { [%clk
1:05:14]} 9. Nxd4 {[%clk 1:03:11]} 9... Nxd4 {[%clk 1:00:42]} 10. Qxd4 { [%clk
1:03:31]} 10... Bb7 {[%clk 1:00:41]} 11. c3 {[%clk 0:52:26]} 11... Ng5 { [%clk
0:58:02]} 12. f4 {[%clk 0:47:39]} 12... Ne6 {[%clk 0:56:43]} 13. Qf2 { [%clk
0:47:13]} 13... Bc5 {[%clk 0:55:16]} 14. Be3 {[%clk 0:47:37]} 14... Bxe3 {[%clk
0:53:49]} 15. Qxe3 {[%clk 0:48:04]} 15... Qh4 {[%clk 0:52:47]} 16. Qf2 { [%clk
0:42:14]} 16... Qxf2+ {[%clk 0:51:33]} 17. Rxf2 {[%clk 0:42:39]} 17... g5
{[%clk 0:50:33]} 18. f5 {[%clk 0:40:43]} 18... Nf4 {[%clk 0:49:49]} 19. Bc2 {
[%clk 0:30:41]} 19... O-O-O {[%clk 0:49:32]} 20. Nd2 {[%clk 0:29:17]} 20...
Rde8 {[%clk 0:48:57]} 21. Re1 {[%clk 0:29:31]} 21... d6 {[%clk 0:45:48]} 22. e6
{[%clk 0:29:51]} 22... fxe6 {[%clk 0:44:31]} 23. fxe6 {[%clk 0:30:12]} 23...
Rhf8 {[%clk 0:43:11]} 24. Nf3 {[%clk 0:23:31]} 24... Rxe6 {[%clk 0:38:46]} 25.
Rxe6 {[%clk 0:22:43]} 25... Nxe6 {[%clk 0:39:05]} 26. Nd4 {[%clk 0:19:59]}
26... Rxf2 {[%clk 0:38:59]} 27. Kxf2 {[%clk 0:20:16]} 27... Nf4 {[%clk 0:37:11]
} 28. g3 {[%clk 0:19:14]} 28... Nd5 {[%clk 0:37:17]} 29. Nf5 {[%clk 0:17:08]}
29... h5 {[%clk 0:36:29]} 30. Ng7 {[%clk 0:12:21]} 30... h4 {[%clk 0:36:13]}
31. gxh4 {[%clk 0:12:01]} 31... gxh4 {[%clk 0:36:31]} 32. Nf5 {[%clk 0:11:57]}
32... h3 {[%clk 0:35:58]} 33. Be4 {[%clk 0:05:12]} 33... Kd7 {[%clk 0:33:39]}
34. Ne3 {[%clk 0:03:02]} 34... c6 {[%clk 0:32:53]} 35. Bf5+ {[%clk 0:03:08]}
35... Ke7 {[%clk 0:33:02]} 36. Nxd5+ {[%clk 0:03:00]} 36... cxd5 { [%clk
0:33:22]} 37. Bxh3 {[%clk 0:03:13]} 37... a5 {[%clk 0:33:06]} 38. Ke3 { [%clk
0:03:26]} 38... Kf6 {[%clk 0:32:58]} 39. Kd4 {[%clk 0:03:41]} 39... b4 { [%clk
0:31:48]} 40. cxb4 {[%clk 0:00:43]} 40... axb4 {[%clk 0:32:10]} 41. Bg4 { [%clk
0:14:21]} 41... Bc6 {[%clk 0:47:16]} 42. h4 {[%clk 0:10:14]} 42... Bb7 { [%clk
0:47:35]} 43. h5 {[%clk 0:10:05]} 43... Bc6 {[%clk 0:46:27]} 44. Bf3 { [%clk
0:09:52]} 44... Be8 {[%clk 0:44:47]} 45. b3 {[%clk 0:03:31]} 45... Kg5 { [%clk
0:44:06]} 46. Kxd5 {[%clk 0:01:55]} 46... Kf4 {[%clk 0:44:25]} 47. Bd1 { [%clk
0:00:38]} 47... Ke3 {[%clk 0:43:38]} 48. Kxd6 {[%clk 0:00:33]} 48... Kd3 {[%clk
0:43:31]} 49. h6 {[%clk 0:00:51]} 49... Bg6 {[%clk 0:43:48]} 50. Bh5 { [%clk
0:01:04]} 50... Bh7 {[%clk 0:44:02]} 51. Bf7 {[%clk 0:00:54]} 51... Kc3 { [%clk
0:43:47]} 52. Ke5 {[%clk 0:00:54]} 52... Kb2 {[%clk 0:41:46]} 53. Kf6 { [%clk
0:01:18]} 53... Kxa2 {[%clk 0:42:07]} 54. Kg7 {[%clk 0:01:41]} 54... Bc2 {[%clk
0:42:23]} 55. h7 {[%clk 0:02:01]} 55... Bxh7 {[%clk 0:42:34]} 56. Kxh7 { [%clk
0:02:24]} 56... Kb2 {[%clk 0:42:34]} 57. Kg6 {[%clk 0:02:48]} 57... Kc3 { [%clk
0:42:49]} 58. Kf5 {[%clk 0:03:12]} 58... Kd4 {[%clk 0:39:21]} 59. Kf4 Kc3 60.
Ke4 Kc2 61. Kd4 Kb2 62. Kc4 Ka3 63. Bg8 1-0

[Event "DEM U10 2019"]
[Site "Willingen GER"]
[Date "2019.06.12"]
[Round "6"]
[White "Malinowsky, Levi"]
[Black "Xue, Luka"]
[Result "1/2-1/2"]
[Termination "normal"]
[Board "7"]
[WhiteElo "1400"]
[BlackElo "1429"]
[WhiteClock "00:15:29"]
[BlackClock "00:31:28"]
[PlyCount "86"]
[WhiteFideId "16253094"]
[BlackFideId "16277252"]
[EventCountry "GER"]
[EventRounds "11"]
[EventType "swiss"]
[EventDate "2019.06.08"]

1. e4 {[%clk 1:15:54]} 1... e5 {[%clk 1:15:53]} 2. Nf3 {[%clk 1:16:05]} 2...
Nc6 {[%clk 1:16:15]} 3. d4 {[%clk 1:16:01]} 3... exd4 {[%clk 1:16:36]} 4. Bc4 {
[%clk 1:15:51]} 4... Nf6 {[%clk 1:16:49]} 5. e5 {[%clk 1:15:25]} 5... d5 {
[%clk 1:16:21]} 6. Bb5 {[%clk 1:15:22]} 6... Ne4 {[%clk 1:15:43]} 7. Nxd4 {
[%clk 1:15:10]} 7... Bd7 {[%clk 1:13:57]} 8. Bxc6 {[%clk 1:14:30]} 8... bxc6 {
[%clk 1:13:45]} 9. O-O {[%clk 1:11:43]} 9... g6 {[%clk 1:10:59]} 10. f3 { [%clk
1:09:37]} 10... Nc5 {[%clk 1:10:53]} 11. f4 {[%clk 1:08:29]} 11... Bg7 { [%clk
1:09:36]} 12. Be3 {[%clk 1:06:13]} 12... Ne6 {[%clk 1:06:48]} 13. Nc3 { [%clk
0:59:32]} 13... O-O {[%clk 1:03:57]} 14. Qf3 {[%clk 0:54:06]} 14... f6 { [%clk
1:02:05]} 15. Qg3 {[%clk 0:48:10]} 15... Qe7 {[%clk 0:58:07]} 16. Nf3 { [%clk
0:38:59]} 16... Qb4 {[%clk 0:57:12]} 17. Nd1 {[%clk 0:35:19]} 17... Nc5 { [%clk
0:54:22]} 18. a3 {[%clk 0:32:57]} 18... Qb5 {[%clk 0:50:27]} 19. Nc3 { [%clk
0:31:35]} 19... Qb6 {[%clk 0:49:38]} 20. b4 {[%clk 0:29:57]} 20... Ne4 { [%clk
0:49:33]} 21. Bxb6 {[%clk 0:26:41]} 21... Nxg3 {[%clk 0:49:50]} 22. hxg3 {[%clk
0:26:48]} 22... cxb6 23. Rae1 {[%clk 0:25:49]} 23... Rae8 { [%clk 0:49:06]} 24.
exf6 {[%clk 0:24:26]} 24... Bxf6 {[%clk 0:48:45]} 25. Ne5 { [%clk 0:21:47]}
25... Re7 {[%clk 0:47:09]} 26. Nxd7 {[%clk 0:21:34]} 26... Rxd7 {[%clk
0:47:21]} 27. Ne2 {[%clk 0:21:10]} 27... Re7 {[%clk 0:47:20]} 28. Nc1 { [%clk
0:19:49]} 28... Rfe8 {[%clk 0:47:28]} 29. Nd3 {[%clk 0:19:18]} 29... Bd4+
{[%clk 0:47:13]} 30. Kh2 {[%clk 0:19:29]} 30... Rxe1 {[%clk 0:47:23]} 31. Rxe1
{[%clk 0:19:40]} 31... Rxe1 {[%clk 0:47:46]} 32. Nxe1 {[%clk 0:20:07]} 32... a5
{[%clk 0:46:36]} 33. Nd3 {[%clk 0:19:26]} 33... c5 {[%clk 0:46:18]} 34. b5 {
[%clk 0:17:03]} 34... c4 {[%clk 0:45:58]} 35. Ne1 {[%clk 0:17:18]} 35... a4 {
[%clk 0:46:03]} 36. Nf3 {[%clk 0:15:23]} 36... Bc5 {[%clk 0:43:04]} 37. Ne5 {
[%clk 0:14:54]} 37... Bxa3 {[%clk 0:42:18]} 38. Nd7 {[%clk 0:15:03]} 38... Be7
{[%clk 0:39:46]} 39. Nxb6 {[%clk 0:15:20]} 39... a3 {[%clk 0:40:07]} 40. Nxd5 {
[%clk 0:15:17]} 40... a2 {[%clk 0:39:14]} 41. Nxe7+ {[%clk 0:15:25]} 41... Kf7
{[%clk 0:39:14]} 42. b6 {[%clk 0:15:39]} 42... a1=Q {[%clk 0:39:27]} 43. b7 {
[%clk 0:15:29]} 43... Kxe7 {[%clk 0:31:28]} 1/2-1/2

[Event "DEM U10 2019"]
[Site "Willingen GER"]
[Date "2019.06.12"]
[Round "6"]
[White "Klaska, Philipp Leon"]
[Black "Ruddat, Jarne"]
[Result "0-1"]
[Termination "normal"]
[Board "8"]
[WhiteElo "1444"]
[BlackElo "1350"]
[WhiteClock "00:14:40"]
[BlackClock "00:38:04"]
[PlyCount "102"]
[WhiteFideId "16238044"]
[BlackFideId "16254236"]
[EventCountry "GER"]
[EventRounds "11"]
[EventType "swiss"]
[EventDate "2019.06.08"]

1. e4 {[%clk 1:15:59]} 1... c5 {[%clk 1:15:55]} 2. Nf3 {[%clk 1:16:25]} 2... g6
{[%clk 1:16:19]} 3. d4 {[%clk 1:16:49]} 3... cxd4 {[%clk 1:16:44]} 4. Nxd4 {
[%clk 1:17:10]} 4... Nc6 {[%clk 1:17:04]} 5. Nc3 {[%clk 1:17:25]} 5... Bg7 {
[%clk 1:17:29]} 6. Be3 {[%clk 1:17:47]} 6... Nf6 {[%clk 1:16:28]} 7. f3 { [%clk
1:17:14]} 7... O-O {[%clk 1:15:56]} 8. Bc4 {[%clk 1:07:49]} 8... Qb6 { [%clk
1:06:03]} 9. Bb3 {[%clk 0:50:49]} 9... Nxe4 {[%clk 0:52:47]} 10. fxe4 { [%clk
0:38:43]} 10... Bxd4 {[%clk 0:53:02]} 11. Bxd4 {[%clk 0:37:52]} 11... Qxd4
{[%clk 0:52:44]} 12. Qxd4 {[%clk 0:36:52]} 12... Nxd4 {[%clk 0:53:12]} 13.
O-O-O {[%clk 0:33:47]} 13... e5 {[%clk 0:50:59]} 14. Nd5 {[%clk 0:24:18]} 14...
a5 {[%clk 0:47:06]} 15. Rhf1 {[%clk 0:18:56]} 15... b5 {[%clk 0:40:54]} 16. c3
{[%clk 0:12:15]} 16... Nxb3+ {[%clk 0:39:16]} 17. axb3 {[%clk 0:12:40]} 17...
Kg7 {[%clk 0:34:04]} 18. Nb6 {[%clk 0:08:53]} 18... Ra7 {[%clk 0:34:17]} 19.
Rd6 {[%clk 0:08:41]} 19... a4 {[%clk 0:33:49]} 20. bxa4 {[%clk 0:08:33]} 20...
bxa4 {[%clk 0:34:17]} 21. Rfd1 {[%clk 0:08:11]} 21... a3 {[%clk 0:33:22]} 22.
b4 {[%clk 0:07:47]} 22... Rc7 {[%clk 0:28:21]} 23. Kc2 {[%clk 0:07:04]} 23...
Rc6 {[%clk 0:27:14]} 24. Rxc6 {[%clk 0:07:27]} 24... dxc6 {[%clk 0:27:40]} 25.
Nxc8 {[%clk 0:07:01]} 25... Rxc8 {[%clk 0:28:04]} 26. Kb3 {[%clk 0:07:15]}
26... Ra8 {[%clk 0:28:11]} 27. Ka2 {[%clk 0:07:34]} 27... f5 {[%clk 0:28:33]}
28. Rd7+ {[%clk 0:07:24]} 28... Kf6 {[%clk 0:28:19]} 29. Rd6+ {[%clk 0:06:56]}
29... Ke7 {[%clk 0:27:21]} 30. Rxc6 {[%clk 0:07:02]} 30... fxe4 {[%clk 0:27:49]
} 31. Rc4 {[%clk 0:07:20]} 31... Kd6 {[%clk 0:28:07]} 32. Rxe4 {[%clk 0:07:45]}
32... Kd5 {[%clk 0:28:30]} 33. Re3 {[%clk 0:07:48]} 33... h5 {[%clk 0:23:47]}
34. Rg3 {[%clk 0:07:03]} 34... e4 {[%clk 0:23:21]} 35. h4 {[%clk 0:05:05]}
35... Ke5 {[%clk 0:22:25]} 36. c4 {[%clk 0:03:13]} 36... Kd4 {[%clk 0:20:52]}
37. c5 {[%clk 0:02:59]} 37... Re8 {[%clk 0:19:43]} 38. Rxg6 {[%clk 0:02:31]}
38... e3 {[%clk 0:20:09]} 39. Rd6+ {[%clk 0:02:11]} 39... Kc4 {[%clk 0:20:33]}
40. Rd1 {[%clk 0:02:12]} 40... Kxb4 {[%clk 0:20:57]} 41. Re1 {[%clk 0:01:49]}
41... Kxc5 {[%clk 0:21:02]} 42. Kxa3 {[%clk 0:02:10]} 42... Kd4 {[%clk 0:20:34]
} 43. Kb3 {[%clk 0:02:29]} 43... Kd3 {[%clk 0:20:56]} 44. Rc1 {[%clk 0:14:30]}
44... Kd2 {[%clk 0:35:51]} 45. Rc2+ {[%clk 0:13:56]} 45... Kd1 {[%clk 0:36:05]}
46. Ra2 {[%clk 0:13:35]} 46... e2 {[%clk 0:36:28]} 47. g4 {[%clk 0:13:15]}
47... hxg4 {[%clk 0:36:23]} 48. h5 {[%clk 0:13:34]} 48... e1=Q {[%clk 0:36:44]}
49. Ra1+ {[%clk 0:13:56]} 49... Kd2 {[%clk 0:37:10]} 50. Rxe1 {[%clk 0:14:18]}
50... Kxe1 {[%clk 0:37:38]} 51. h6 {[%clk 0:14:40]} 51... Rh8 {[%clk 0:38:04]}
0-1

[Event "DEM U10 2019"]
[Site "Willingen GER"]
[Date "2019.06.12"]
[Round "6"]
[White "Haubold, Sebastian Marcel"]
[Black "Chugunov, Ivan"]
[Result "1-0"]
[Termination "normal"]
[Board "9"]
[WhiteElo "1506"]
[BlackElo "1310"]
[WhiteClock "00:29:45"]
[BlackClock "00:37:37"]
[PlyCount "79"]
[WhiteFideId "16259637"]
[BlackFideId "16256808"]
[EventCountry "GER"]
[EventRounds "11"]
[EventType "swiss"]
[EventDate "2019.06.08"]

1. e4 {[%clk 1:15:58]} 1... d5 {[%clk 1:15:44]} 2. exd5 {[%clk 1:15:52]} 2...
Qxd5 {[%clk 1:16:05]} 3. Nc3 {[%clk 1:15:59]} 3... Qd6 {[%clk 1:16:18]} 4. d4 {
[%clk 1:15:19]} 4... Nf6 {[%clk 1:16:42]} 5. Nf3 {[%clk 1:15:07]} 5... c6 {
[%clk 1:16:43]} 6. Bg5 {[%clk 1:14:51]} 6... Bg4 7. Be2 {[%clk 1:13:54]} 7...
Nbd7 {[%clk 1:14:40]} 8. Qd2 {[%clk 1:13:11]} 8... e6 {[%clk 1:10:06]} 9. O-O {
[%clk 1:10:44]} 9... Be7 {[%clk 1:09:49]} 10. a3 {[%clk 1:09:45]} 10... Qc7 {
[%clk 1:09:28]} 11. h3 {[%clk 1:06:31]} 11... Bh5 {[%clk 1:08:15]} 12. Rfe1 {
[%clk 1:00:15]} 12... O-O {[%clk 1:07:53]} 13. Rad1 {[%clk 0:55:04]} 13... h6 {
[%clk 1:07:07]} 14. Bf4 {[%clk 0:54:14]} 14... Qc8 {[%clk 1:06:35]} 15. Qe3 {
[%clk 0:49:50]} 15... Nd5 {[%clk 1:05:37]} 16. Nxd5 {[%clk 0:49:33]} 16... cxd5
{[%clk 1:05:58]} 17. c4 {[%clk 0:46:35]} 17... Nf6 {[%clk 1:01:27]} 18. c5 {
[%clk 0:45:52]} 18... b6 {[%clk 1:00:57]} 19. b4 {[%clk 0:46:08]} 19... bxc5 {
[%clk 1:00:31]} 20. bxc5 {[%clk 0:46:18]} 20... Bg6 {[%clk 0:59:19]} 21. Ne5 {
[%clk 0:45:39]} 21... Bh7 {[%clk 0:59:37]} 22. Bd3 {[%clk 0:41:29]} 22... Bxd3
{[%clk 0:57:31]} 23. Rxd3 {[%clk 0:40:26]} 23... Nd7 {[%clk 0:52:15]} 24. Qg3 {
[%clk 0:39:23]} 24... Kh7 {[%clk 0:50:41]} 25. Qg4 {[%clk 0:37:57]} 25... Nxe5
{[%clk 0:46:24]} 26. Bxe5 {[%clk 0:37:21]} 26... Rg8 {[%clk 0:44:57]} 27. Rg3 {
[%clk 0:35:59]} 27... Qf8 {[%clk 0:43:38]} 28. Rb1 {[%clk 0:32:03]} 28... f6 {
[%clk 0:39:31]} 29. Qg6+ {[%clk 0:30:22]} 29... Kh8 {[%clk 0:39:49]} 30. Bf4 {
[%clk 0:30:30]} 30... Qe8 {[%clk 0:39:39]} 31. Rb7 {[%clk 0:28:56]} 31... Qxg6
{[%clk 0:39:06]} 32. Rxg6 {[%clk 0:29:16]} 32... Kh7 {[%clk 0:39:26]} 33. Rg3 {
[%clk 0:29:20]} 33... Rge8 {[%clk 0:39:23]} 34. Bd6 {[%clk 0:29:37]} 34... Bxd6
{[%clk 0:39:16]} 35. Rgxg7+ {[%clk 0:29:59]} 35... Kh8 {[%clk 0:39:37]} 36.
cxd6 {[%clk 0:30:21]} 36... a5 {[%clk 0:38:54]} 37. Rge7 {[%clk 0:30:06]} 37...
Kg8 {[%clk 0:38:00]} 38. Rbc7 {[%clk 0:29:35]} 38... Rad8 {[%clk 0:37:37]} 39.
Rxe8+ {[%clk 0:29:29]} 39... Rxe8 {[%clk 0:37:37]} 40. d7 {[%clk 0:29:45]} 1-0

[Event "DEM U10 2019"]
[Site "Willingen GER"]
[Date "2019.06.12"]
[Round "6"]
[White "Torosyan, Bagrat"]
[Black "Kuhlmann, Nils Magnus"]
[Result "1-0"]
[Termination "normal"]
[Board "10"]
[WhiteElo "1444"]
[BlackElo "1227"]
[PlyCount "47"]
[WhiteFideId "16258134"]
[BlackFideId "16287177"]
[EventCountry "GER"]
[EventRounds "11"]
[EventType "swiss"]
[EventDate "2019.06.08"]

1. e4 c5 2. Nf3 d6 3. d4 cxd4 4. Nxd4 Nf6 5. Nc3 g6 6. Be3 Bg7 7. f3 O-O 8. Qd2
Nc6 9. O-O-O Bd7 10. Kb1 Rc8 11. h4 Nxd4 12. Bxd4 b5 13. h5 b4 14. Ne2 Be6 15.
hxg6 fxg6 16. Nf4 Bf7 17. Nd5 Qa5 18. Nxe7+ Kh8 19. b3 Rc7 20. Bxf6 Rxe7 21.
Bxg7+ Kxg7 22. Qh6+ Kf6 23. Rxd6+ Ke5 24. Qh2# 1-0

[Event "DEM U10 2019"]
[Site "Willingen GER"]
[Date "2019.06.12"]
[Round "6"]
[White "Zobel, Christian"]
[Black "Fruth, David"]
[Result "0-1"]
[Termination "normal"]
[Board "11"]
[WhiteElo "1404"]
[BlackElo "1423"]
[PlyCount "96"]
[WhiteFideId "16259068"]
[BlackFideId "16257596"]
[EventCountry "GER"]
[EventRounds "11"]
[EventType "swiss"]
[EventDate "2019.06.08"]

1. e4 e5 2. Bc4 Nf6 3. d3 Bc5 4. Nf3 O-O 5. Nxe5 Qe7 6. Nf3 d5 7. d4 Nxe4 8.
O-O dxc4 9. dxc5 Qxc5 10. Be3 Qb5 11. Qe2 Qxb2 12. Bd4 c3 13. Nxc3 Nxc3 14. Qd3
Bf5 15. Qxc3 Qxc3 16. Bxc3 Bxc2 17. Rac1 Bd3 18. Rfd1 Be2 19. Rd2 Bxf3 20. gxf3
Nc6 21. Rd7 Rac8 22. f4 Rfd8 23. Rcd1 f6 24. Kg2 Kf8 25. R1d2 b5 26. Kg3 b4 27.
Bxb4+ Ke8 28. Rxd8+ Rxd8 29. Re2+ Kf7 30. Bc3 Rd3+ 31. Re3 Rxe3+ 32. fxe3 Ne7
33. Bd4 Nf5+ 34. Kf3 Nxd4+ 35. exd4 Ke6 36. h4 Kd5 37. Ke3 g6 38. f5 gxf5 39.
Kf4 Kxd4 40. Kxf5 c5 41. Kxf6 c4 42. Kg7 c3 43. h5 c2 44. h6 c1=Q 45. Kxh7 Qc2+
46. Kg7 Qxa2 47. h7 Qd5 48. h8=Q Qe5+ 0-1

[Event "DEM U10 2019"]
[Site "Willingen GER"]
[Date "2019.06.12"]
[Round "6"]
[White "Kullmann, Theo"]
[Black "Huber, Benedikt Thomas"]
[Result "0-1"]
[Termination "normal"]
[Board "12"]
[WhiteElo "1465"]
[BlackElo "1441"]
[PlyCount "54"]
[WhiteFideId "16218582"]
[BlackFideId "16281225"]
[EventCountry "GER"]
[EventRounds "11"]
[EventType "swiss"]
[EventDate "2019.06.08"]

1. e4 e5 2. Nf3 Nc6 3. Bc4 Nf6 4. Nc3 Nxe4 5. Nxe4 d5 6. Bd3 f5 7. Bb5 dxe4 8.
Nxe5 Qf6 9. Nxc6 bxc6 10. Ba4 Bd7 11. O-O Bd6 12. d3 O-O 13. dxe4 fxe4 14. f3
Bc5+ 15. Kh1 exf3 16. Rxf3 Bg4 17. Rxf6 Bxd1 18. Rxf8+ Rxf8 19. h4 Rf1+ 20. Kh2
Bd6+ 21. g3 Bf3 22. Bb3+ Kh8 23. Be3 Rxa1 24. Bg1 Bc5 25. g4 Bd6+ 26. Kh3 Rxg1
27. Bd5 Rh1# 0-1

[Event "DEM U10 2019"]
[Site "Willingen GER"]
[Date "2019.06.12"]
[Round "6"]
[White "Dorendorf, Mika"]
[Black "Dordevic, Tom"]
[Result "1/2-1/2"]
[Termination "normal"]
[Board "13"]
[WhiteElo "1398"]
[BlackElo "1158"]
[PlyCount "58"]
[WhiteFideId "16283066"]
[BlackFideId "16260503"]
[EventCountry "GER"]
[EventRounds "11"]
[EventType "swiss"]
[EventDate "2019.06.08"]

1. e4 c5 2. Nc3 Nc6 3. f4 g6 4. g3 Bg7 5. Bg2 d6 6. d3 Nf6 7. Nf3 Bg4 8. h3
Bxf3 9. Qxf3 Nd4 10. Qd1 Rb8 11. a4 O-O 12. Ne2 Nd7 13. Nxd4 cxd4 14. Bd2 e5
15. O-O f5 16. Bb4 Rf6 17. Qe1 Bh6 18. c3 dxc3 19. Bxc3 Qb6+ 20. Qf2 Qxf2+ 21.
Rxf2 Rd8 22. Re1 Nc5 23. Rf3 fxe4 24. dxe4 Nxa4 25. fxe5 Rxf3 26. Bxf3 dxe5 27.
Ra1 Nxc3 28. bxc3 Be3+ 29. Kf1 Rc8 1/2-1/2

[Event "DEM U10 2019"]
[Site "Willingen GER"]
[Date "2019.06.12"]
[Round "6"]
[White "Aniol, Nico"]
[Black "Burkart, Lloyd Shang"]
[Result "1/2-1/2"]
[Termination "normal"]
[Board "14"]
[WhiteElo "1406"]
[BlackElo "1411"]
[PlyCount "42"]
[WhiteFideId "16287096"]
[BlackFideId "16239059"]
[EventCountry "GER"]
[EventRounds "11"]
[EventType "swiss"]
[EventDate "2019.06.08"]

1. e4 c5 2. c3 d5 3. exd5 Qxd5 4. d4 Nc6 5. Nf3 Nf6 6. dxc5 Qxc5 7. Be3 Qa5 8.
Na3 Qc7 9. Nb5 Qb8 10. Bd3 e5 11. Qc2 Be7 12. O-O O-O 13. Rad1 a6 14. Na3 Bxa3
15. bxa3 Bg4 16. Be2 Be6 17. Bc5 Rd8 18. Rxd8+ Qxd8 19. Rd1 Qa5 20. Bb4 Qb6 21.
Ng5 Bg4 1/2-1/2

[Event "DEM U10 2019"]
[Site "Willingen GER"]
[Date "2019.06.12"]
[Round "6"]
[White "Jahnz, Laurin"]
[Black "Meng, Yuxuan"]
[Result "1/2-1/2"]
[Termination "normal"]
[Board "15"]
[WhiteElo "1497"]
[BlackElo "1288"]
[PlyCount "55"]
[WhiteFideId "16261089"]
[BlackFideId "16258231"]
[EventCountry "GER"]
[EventRounds "11"]
[EventType "swiss"]
[EventDate "2019.06.08"]

1. e4 c5 2. Nf3 Nc6 3. Bc4 e6 4. c3 d5 5. exd5 exd5 6. Bb3 Nf6 7. O-O Bd6 8.
Re1+ Be6 9. Ng5 Qc7 10. h3 O-O-O 11. Rxe6 fxe6 12. Nxe6 Qe7 13. Nxd8 Rxd8 14.
d3 Re8 15. Bd2 Qf7 16. Na3 Qg6 17. Bc2 d4 18. Nc4 Bc7 19. Qf3 Qh5 20. Qxh5 Nxh5
21. Re1 Rxe1+ 22. Bxe1 b5 23. Na3 a6 24. Bd2 Ba5 25. Nb1 Kc7 26. g4 Nf6 27. h4
Nd5 28. Kg2 1/2-1/2